000 00454nam a2200181Ia 4500
003 GCL
008 140319s9999 xx 000 0 ara d
040 _aGCL /
_cGCL
082 0 4 _a210.8
_bع ك
100 1 _aعبدالرزاق نوفل
245 1 0 _aكانوا /
_cعبدالرزاق نوفل
300 _a173 ص
490 _a100 قصة
_v0
650 0 4 _aالاسلام
650 0 4 _aالمسلمون
650 0 4 _aمقالات
942 _2ddc
_cBK
999 _c45019
_d45019